Principles of rock deformation /

Bibliographic Details
Main Author: Nicolas, A. (Adolphe), 1936-
Other Authors: Mainprice, D. H.
Format: Book
Language:English
French
Published: Dordrecht, Holland ; Boston : D. Reidel Pub. Co. ; [1987]
Series:Petrology and structural geology ; v. 2.
Subjects:

MARC

Tag First Indicator Second Indicator Subfields
LEADER 00000cam a2200000 a 4500
001 in00000009691
005 20151007051636.0
008 860828s1987 ne a b 00110 eng
010 |a  86022059  
020 |a 9027723699 (pbk.) 
020 |a 9027723680 (hard) 
035 |a (OCoLC)14214635 
035 |9 AAA4065AM 
040 |a DLC  |c DLC  |d TXA  |d UtOrBLW 
041 1 |a eng  |a fre 
049 |a TXAM  |c [A11034271] 
050 0 0 |a QE604  |b .N5413 1987 
082 0 |a 551.8  |2 19 
100 1 |a Nicolas, A.  |q (Adolphe),  |d 1936- 
240 1 0 |a Principes de tectonique.  |l English 
245 1 0 |a Principles of rock deformation /  |c Adolphe Nicolas ; [translated from the French by S.W. Morel ; English text edited by D.H. Mainprice]. 
264 1 |a Dordrecht, Holland ;  |a Boston :  |b D. Reidel Pub. Co. ;  |c [1987] 
264 2 |a Norwell, MA, U.S.A. :  |b Sold and distributed in the U.S.A. and Canada by Kluwer Academic Publishers, 
264 4 |c ©1987 
300 |a x, 208 pages :  |b illustrations ;  |c 24 cm. 
336 |a text  |b txt  |2 rdacontent 
337 |a unmediated  |b n  |2 rdamedia 
338 |a volume  |b nc  |2 rdacarrier 
490 1 |a Petrology and structural geology ;  |v v. 2 
500 |a Translation of: Principes de tectonique. 
504 |a Includes bibliographies and index. 
650 0 |a Rock deformation. 
700 1 |a Mainprice, D. H. 
830 0 |a Petrology and structural geology ;  |v v. 2. 
999 |a MARS 
999 f f |s 30253d43-a58d-33ad-aa9e-a6f338ae030e  |i edd7b248-21d7-3f05-aa99-b5ae25591d09  |t 0 
952 f f |p ric  |a Texas A&M University  |b Rellis Campus  |c Joint Library Facility  |s JLF  |d Remote Storage  |t 0  |e QE604 .N5413 1987  |h Library of Congress classification  |i unmediated -- volume  |m A14811034271 
998 f f |a QE604 .N5413 1987  |t 0  |l Remote Storage